<?xml version="1.0" encoding="UTF-8"?>
<record
    xmlns:xsi="http://www.w3.org/2001/XMLSchema-instance"
    xsi:schemaLocation="http://www.loc.gov/MARC21/slim http://www.loc.gov/standards/marcxml/schema/MARC21slim.xsd"
    xmlns="http://www.loc.gov/MARC21/slim">

  <leader>03133    a2200217   4500</leader>
  <controlfield tag="003">NALT</controlfield>
  <controlfield tag="005">20250820142419.0</controlfield>
  <controlfield tag="008">231128b        th ||||| |||| 00| 0 tha d</controlfield>
  <datafield tag="020" ind1=" " ind2=" ">
    <subfield code="a">9786165784849</subfield>
  </datafield>
  <datafield tag="040" ind1=" " ind2=" ">
    <subfield code="a">NALT</subfield>
  </datafield>
  <datafield tag="100" ind1="0" ind2=" ">
    <subfield code="a">&#xE1B;&#xE23;&#xE34;&#xE0D;&#xE0D;&#xE32; &#xE41;&#xE1E;&#xE17;&#xE22;&#xE4C;&#xE41;&#xE1C;&#xE19;&#xE44;&#xE17;&#xE22;.</subfield>
    <subfield code="9">66471</subfield>
  </datafield>
  <datafield tag="245" ind1="1" ind2="0">
    <subfield code="a">&#xE04;&#xE39;&#xE48;&#xE21;&#xE37;&#xE2D; 24 &#xE28;&#xE32;&#xE2A;&#xE15;&#xE23;&#xE4C;&#xE1A;&#xE33;&#xE1A;&#xE31;&#xE14;&#xE23;&#xE31;&#xE01;&#xE29;&#xE32;&#xE42;&#xE23;&#xE04; &#xE15;&#xE32;&#xE21;&#xE41;&#xE1A;&#xE1A;&#xE09;&#xE1A;&#xE31;&#xE1A;&#xE01;&#xE32;&#xE23;&#xE41;&#xE1E;&#xE17;&#xE22;&#xE4C;&#xE17;&#xE32;&#xE07;&#xE40;&#xE25;&#xE37;&#xE2D;&#xE01; /</subfield>
    <subfield code="c">&#xE1B;&#xE23;&#xE34;&#xE0D;&#xE0D;&#xE32; &#xE41;&#xE1E;&#xE17;&#xE22;&#xE4C;&#xE41;&#xE1C;&#xE19;&#xE44;&#xE17;&#xE22;.</subfield>
    <subfield code="h">[electronic resource]</subfield>
  </datafield>
  <datafield tag="260" ind1=" " ind2=" ">
    <subfield code="a">&#xE01;&#xE23;&#xE38;&#xE07;&#xE40;&#xE17;&#xE1E;&#xE2F; : </subfield>
    <subfield code="b">&#xE40;&#xE1E;&#xE0A;&#xE23;&#xE1E;&#xE34;&#xE19;&#xE34;&#xE08;,</subfield>
    <subfield code="c">2565.</subfield>
  </datafield>
  <datafield tag="300" ind1=" " ind2=" ">
    <subfield code="a">Online resource</subfield>
  </datafield>
  <datafield tag="505" ind1="0" ind2=" ">
    <subfield code="a">&#xE28;&#xE32;&#xE2A;&#xE15;&#xE23;&#xE4C;&#xE17;&#xE35;&#xE48; 1 &#xE01;&#xE32;&#xE23;&#xE1A;&#xE33;&#xE1A;&#xE31;&#xE14;&#xE23;&#xE31;&#xE01;&#xE29;&#xE32;&#xE14;&#xE49;&#xE27;&#xE22;&#xE2A;&#xE21;&#xE38;&#xE19;&#xE44;&#xE1E;&#xE23; -- 
&#xE28;&#xE32;&#xE2A;&#xE15;&#xE23;&#xE4C;&#xE17;&#xE35;&#xE48; 2 &#xE01;&#xE32;&#xE23;&#xE1A;&#xE33;&#xE1A;&#xE31;&#xE14;&#xE23;&#xE31;&#xE01;&#xE29;&#xE32;&#xE14;&#xE49;&#xE07;&#xE22;&#xE27;&#xE34;&#xE16;&#xE35;&#xE41;&#xE21;&#xE04;&#xE42;&#xE04;&#xE23;&#xE44;&#xE1A;&#xE42;&#xE2D;&#xE15;&#xE34;&#xE01;&#xE2A;&#xE4C; -- 
&#xE28;&#xE32;&#xE2A;&#xE15;&#xE23;&#xE4C;&#xE17;&#xE35;&#xE48; 3 &#xE01;&#xE32;&#xE23;&#xE1A;&#xE33;&#xE1A;&#xE31;&#xE14;&#xE23;&#xE31;&#xE01;&#xE29;&#xE32;&#xE14;&#xE49;&#xE27;&#xE22;&#xE0A;&#xE35;&#xE27;&#xE08;&#xE34;&#xE15; -- 
&#xE28;&#xE32;&#xE2A;&#xE15;&#xE23;&#xE4C;&#xE17;&#xE35;&#xE48; 4 &#xE01;&#xE32;&#xE23;&#xE1A;&#xE33;&#xE1A;&#xE31;&#xE14;&#xE23;&#xE31;&#xE01;&#xE29;&#xE32;&#xE14;&#xE27;&#xE22;&#xE2D;&#xE32;&#xE2B;&#xE32;&#xE23;&#xE40;&#xE08; -- 
&#xE28;&#xE32;&#xE2A;&#xE15;&#xE23;&#xE4C;&#xE17;&#xE35;&#xE48; 5 &#xE01;&#xE32;&#xE23;&#xE1A;&#xE33;&#xE1A;&#xE31;&#xE14;&#xE23;&#xE31;&#xE01;&#xE29;&#xE32;&#xE14;&#xE49;&#xE27;&#xE22;&#xE2D;&#xE32;&#xE2B;&#xE32;&#xE23;&#xE21;&#xE31;&#xE07;&#xE2A;&#xE27;&#xE34;&#xE23;&#xE31;&#xE15;&#xE34; -- 
&#xE28;&#xE32;&#xE2A;&#xE15;&#xE23;&#xE4C;&#xE17;&#xE35;&#xE48; 6 &#xE27;&#xE34;&#xE15;&#xE32;&#xE21;&#xE34;&#xE19;&#xE1A;&#xE33;&#xE1A;&#xE31;&#xE14; -- 
&#xE28;&#xE32;&#xE2A;&#xE15;&#xE23;&#xE4C;&#xE17;&#xE35;&#xE48; 7 &#xE2D;&#xE32;&#xE2B;&#xE32;&#xE23;&#xE40;&#xE2A;&#xE23;&#xE34;&#xE21;&#xE1A;&#xE33;&#xE1A;&#xE31;&#xE14; -- 
&#xE28;&#xE32;&#xE2A;&#xE15;&#xE23;&#xE4C;&#xE17;&#xE35;&#xE48; 8 &#xE01;&#xE32;&#xE23;&#xE25;&#xE49;&#xE32;&#xE07;&#xE2A;&#xE32;&#xE23;&#xE1E;&#xE34;&#xE29; -- 
&#xE28;&#xE32;&#xE2A;&#xE15;&#xE23;&#xE4C;&#xE17;&#xE35;&#xE48; 9 &#xE01;&#xE32;&#xE23;&#xE02;&#xE31;&#xE1A;&#xE2A;&#xE32;&#xE23;&#xE1E;&#xE34;&#xE29;&#xE1A;&#xE33;&#xE1A;&#xE31;&#xE14; -- 
&#xE28;&#xE32;&#xE2A;&#xE15;&#xE23;&#xE4C;&#xE17;&#xE35;&#xE48; 10 &#xE01;&#xE32;&#xE23;&#xE1A;&#xE33;&#xE1A;&#xE31;&#xE14;&#xE41;&#xE1A;&#xE1A;&#xE42;&#xE2E;&#xE21;&#xE35;&#xE42;&#xE2D;&#xE1E;&#xE32;&#xE18;&#xE35; (&#xE2B;&#xE19;&#xE32;&#xE21;&#xE22;&#xE2D;&#xE01;&#xE40;&#xE2D;&#xE32;&#xE2B;&#xE19;&#xE32;&#xE21;&#xE1A;&#xE48;&#xE07;) -- 
&#xE28;&#xE32;&#xE2A;&#xE15;&#xE23;&#xE4C;&#xE17;&#xE35;&#xE48; 11 Biomolecular Therapy -- 
&#xE28;&#xE32;&#xE2A;&#xE15;&#xE23;&#xE4C;&#xE17;&#xE35;&#xE48; 12 &#xE01;&#xE32;&#xE23;&#xE19;&#xE27;&#xE14;&#xE1A;&#xE33;&#xE1A;&#xE31;&#xE14; -- 
&#xE28;&#xE32;&#xE2A;&#xE15;&#xE23;&#xE4C;&#xE17;&#xE35;&#xE48; 13 &#xE14;&#xE38;&#xE25;&#xE22;&#xE20;&#xE32;&#xE1E;&#xE1A;&#xE33;&#xE1A;&#xE31;&#xE14; -- 
&#xE28;&#xE32;&#xE2A;&#xE15;&#xE23;&#xE4C;&#xE17;&#xE35;&#xE48; 14 &#xE42;&#xE22;&#xE04;&#xE30;&#xE40;&#xE1E;&#xE37;&#xE48;&#xE2D;&#xE2A;&#xE38;&#xE02;&#xE20;&#xE32;&#xE1E;&#xE1A;&#xE33;&#xE1A;&#xE31;&#xE14; -- 
&#xE28;&#xE32;&#xE2A;&#xE15;&#xE23;&#xE4C;&#xE17;&#xE35;&#xE48; 15&#xE01;&#xE32;&#xE23;&#xE1D;&#xE36;&#xE01;&#xE2B;&#xE32;&#xE22;&#xE43;&#xE08;&#xE1A;&#xE33;&#xE1A;&#xE31;&#xE14;&#xE42;&#xE23;&#xE04;&#xE41;&#xE1A;&#xE1A;&#xE0A;&#xE35;&#xE48;&#xE01;&#xE07; -- 
&#xE28;&#xE32;&#xE2A;&#xE15;&#xE23;&#xE4C;&#xE17;&#xE35;&#xE48; 16 &#xE27;&#xE32;&#xE23;&#xE35;&#xE1A;&#xE33;&#xE1A;&#xE31;&#xE14; -- 
&#xE28;&#xE32;&#xE2A;&#xE15;&#xE23;&#xE4C;&#xE17;&#xE35;&#xE48; 17 &#xE2A;&#xE21;&#xE32;&#xE18;&#xE34;&#xE1A;&#xE33;&#xE1A;&#xE31;&#xE14; -- 
&#xE28;&#xE32;&#xE2A;&#xE15;&#xE23;&#xE4C;&#xE17;&#xE35;&#xE48; 18 &#xE08;&#xE34;&#xE19;&#xE15;&#xE20;&#xE32;&#xE1E;&#xE1A;&#xE33;&#xE1A;&#xE31;&#xE14; -- 
&#xE28;&#xE32;&#xE2A;&#xE15;&#xE23;&#xE4C;&#xE17;&#xE35;&#xE48; 19 &#xE01;&#xE32;&#xE22;&#xE17;&#xE34;&#xE1E;&#xE22;&#xE4C;&#xE2B;&#xE25;&#xE31;&#xE07;&#xE1E;&#xE34;&#xE0A;&#xE34;&#xE15;&#xE42;&#xE23;&#xE04;&#xE1A;&#xE33;&#xE1A;&#xE31;&#xE14; -- 
&#xE28;&#xE32;&#xE2A;&#xE15;&#xE23;&#xE4C;&#xE17;&#xE35;&#xE48; 20 &#xE01;&#xE32;&#xE23;&#xE1D;&#xE31;&#xE07;&#xE40;&#xE02;&#xE47;&#xE21;&#xE1A;&#xE33;&#xE1A;&#xE31;&#xE14; (&#xE01;&#xE32;&#xE23;&#xE01;&#xE14;&#xE08;&#xE38;&#xE14;&#xE25;&#xE21;&#xE1B;&#xE23;&#xE32;&#xE13;&#xE41;&#xE2B;&#xE48;&#xE07;&#xE01;&#xE32;&#xE23;&#xE23;&#xE31;&#xE01;&#xE29;&#xE32;) -- 
&#xE28;&#xE32;&#xE2A;&#xE15;&#xE23;&#xE4C;&#xE17;&#xE35;&#xE48; 21 &#xE01;&#xE32;&#xE23;&#xE01;&#xE14;&#xE08;&#xE38;&#xE14;&#xE1A;&#xE33;&#xE1A;&#xE31;&#xE14; -- 
&#xE28;&#xE32;&#xE2A;&#xE15;&#xE23;&#xE4C;&#xE17;&#xE35;&#xE48; 22 &#xE14;&#xE19;&#xE15;&#xE23;&#xE35;&#xE1A;&#xE33;&#xE1A;&#xE31;&#xE14; -- 
&#xE28;&#xE32;&#xE2A;&#xE15;&#xE23;&#xE4C;&#xE17;&#xE35;&#xE48; 23 &#xE2A;&#xE38;&#xE04;&#xE19;&#xE18;&#xE1A;&#xE33;&#xE1A;&#xE31;&#xE14; -- 
&#xE28;&#xE32;&#xE2A;&#xE15;&#xE23;&#xE4C;&#xE17;&#xE35;&#xE48; 24 &#xE20;&#xE39;&#xE29;&#xE32;&#xE1A;&#xE33;&#xE1A;&#xE31;&#xE14;.</subfield>
  </datafield>
  <datafield tag="650" ind1=" " ind2="4">
    <subfield code="9">21232</subfield>
    <subfield code="a">&#xE01;&#xE32;&#xE23;&#xE41;&#xE1E;&#xE17;&#xE22;&#xE4C;&#xE17;&#xE32;&#xE07;&#xE40;&#xE25;&#xE37;&#xE2D;&#xE01; </subfield>
  </datafield>
  <datafield tag="850" ind1=" " ind2=" ">
    <subfield code="a">NALT</subfield>
  </datafield>
  <datafield tag="856" ind1="4" ind2="0">
    <subfield code="u">https://ebook.parliament.go.th/ebookall/detail/432076</subfield>
    <subfield code="z">E-Book</subfield>
  </datafield>
  <datafield tag="942" ind1=" " ind2=" ">
    <subfield code="2">lcc</subfield>
    <subfield code="c">EBK</subfield>
  </datafield>
  <datafield tag="996" ind1=" " ind2=" ">
    <subfield code="a">i002</subfield>
    <subfield code="b">CATSTF	</subfield>
    <subfield code="c">2023-12-19</subfield>
  </datafield>
  <datafield tag="999" ind1=" " ind2=" ">
    <subfield code="c">102718</subfield>
    <subfield code="d">102718</subfield>
  </datafield>
  <datafield tag="998" ind1=" " ind2=" ">
    <subfield code="j">1020</subfield>
    <subfield code="k"> &#xE19;&#xE32;&#xE07;&#xE08;&#xE33;&#xE40;&#xE23;&#xE35;&#xE22;&#xE07;  &#xE23;&#xE30;&#xE27;&#xE31;&#xE07;&#xE2A;&#xE33;&#xE42;&#xE23;&#xE07;</subfield>
  </datafield>
  <datafield tag="952" ind1=" " ind2=" ">
    <subfield code="0">0</subfield>
    <subfield code="1">0</subfield>
    <subfield code="2">lcc</subfield>
    <subfield code="4">0</subfield>
    <subfield code="7">0</subfield>
    <subfield code="8">CERS</subfield>
    <subfield code="a">NALT</subfield>
    <subfield code="b">NALT</subfield>
    <subfield code="c">ONLINE</subfield>
    <subfield code="d">2023-09-29</subfield>
    <subfield code="e">191</subfield>
    <subfield code="r">2023-09-29 00:00:00</subfield>
    <subfield code="y">EBK</subfield>
  </datafield>
</record>
